| 000 | 00737nam a22001337a 4500 | ||
|---|---|---|---|
| 040 | _cRUA | ||
| 082 | _aAGR CHH 2012 B052 Or.1 | ||
| 100 | _aCHHOM SAN | ||
| 245 | _aThe effective of the controling method for weed on the output of ir66 in royal university of agriculture,(ប្រសិទ្ធភាពនៃវិធីសាស្រ្តគ្រប់គ្រងស្មៅចង្រៃលើទិន្នផលស្រូវអ៊ីអ៊ែរ ៦៦ នៅសាកលវិទ្យាល័យភូមិន្ទកសិកម្ម) | ||
| 260 |
_aphnom penh _bRUA _c2012 |
||
| 300 |
_axi, 52p. _cill. |
||
| 856 | _uhttps://drive.google.com/file/d/1yvxHqbOkkOZ9kDmES4TP5YXzMS7ugElG/view?usp=sharing | ||
| 942 | _cAGR | ||
| 999 |
_c1206 _d1206 |
||